LIBRARY & INFORMATION CENTRE, KCAET, TAVANUR

ONLINE PUBLIC ACCESS CATALOGUE (OPAC)

Algebra / (Record no. 10120)

MARC details
000 -LEADER
fixed length control field 00460cam a2200181ua 4500
041 ## - LANGUAGE CODE
Language code of text/sound track or separate title eng
082 ## - DEWEY DECIMAL CLASSIFICATION NUMBER
Classification number 512
Item number MOO/AL
100 ## - MAIN ENTRY--AUTHOR NAME
Personal name Moore, Gerald E .
245 ## - TITLE STATEMENT
Title Algebra /
250 ## - EDITION STATEMENT
Edition statement 1 /
260 ## - PUBLICATION, DISTRIBUTION, ETC. (IMPRINT)
Place of publication New York :
Name of publisher Barnes & Noble ,
Year of publication 1962.
300 ## - PHYSICAL DESCRIPTION
Number of Pages 230 ; .
490 0# - SERIES STATEMENT
Series statement College outline series,
Volume number/sequential designation
942 ## - ADDED ENTRY ELEMENTS (KOHA)
Koha item type Books
Holdings
Withdrawn status Lost status Damaged status Home library Current library Date acquired Full call number Accession Number Koha item type
      KAUAET KAUAET 07/04/2012 512 3104 Books
free website counter